Statistiques concernant Pays d'Asie

Cliquez ici pour prendre le quiz!

Statistiques générales

  • Ce quiz a été pris 709 002 fois
    (653 867 depuis la dernière actualisation)
  • Le résultat moyen est 35 sur 48

Réponses sur la Carte

Les réponses sont colorées sur une échelle allant du rouge au vert en fonction du pourcentage des utilisateurs qui les ont devinées à leur premier essai. Vous pouvez retrouver ces pourcentages ci-dessous.
 

Statistiques - réponses

Pays% Correct
Chine
99%
Japon
98%
Inde
97%
Corée du Nord
94%
Corée du Sud
94%
Turquie
89%
Arabie Saoudite
88%
Mongolie
88%
Indonésie
87%
Iran
85%
Irak
84%
Viêt Nam
84%
Thaïlande
83%
Pakistan
82%
Afghanistan
79%
Israël
79%
Kazakhstan
79%
Émirats arabes unis
75%
Ouzbékistan
75%
Yémen
75%
Qatar
74%
Laos
73%
Philippines
73%
Népal
72%
Syrie
72%
Cambodge
71%
Sri Lanka
71%
Taïwan
71%
Turkménistan
70%
Jordanie
69%
Oman
69%
Malaisie
67%
Bangladesh
66%
Liban
65%
Arménie
64%
Singapour
64%
Birmanie
60%
Chypre
60%
Azerbaïdjan
59%
Géorgie
58%
Tadjikistan
56%
Bhoutan
55%
Kirghizistan
55%
Koweït
55%
Bahreïn
46%
Maldives
45%
Brunei
41%
Timor oriental
36%

Distribution des résultats

Percentile par nombre de réponses

% des personnes avec chaque résultat

Votre développement - résultats

Vous n’avez pas pris ce quiz depuis la dernière actualisation